[Event "Augsburg op-A (Women)"]
[Site "Augsburg"]
[Date "2025.03.09"]
[Round "9"]
[White "Kurapova, Olga"]
[Black "Pellicoro, Nathalie"]
[Result "1/2-1/2"]
[WhiteElo "1992"]
[BlackElo "2017"]
[PlyCount "134"]
[EventDate "2025.03.05"]
[EventType "swiss"]
[EventRounds "9"]
[EventCountry "GER"]
[SourceTitle "CB11_2025"]
[SourceDate "2025.03.12"]
[SourceVersion "1"]
[SourceVersionDate "2025.03.12"]
[SourceQuality "1"]

1. e4 e5 2. Nf3 Nc6 3. Bb5 a6 4. Bxc6 dxc6 5. 0-0 Qf6 6. d4 exd4 7. e5 Qg6 8. Qxd4 Be7 9. Bf4 Be6 10. c4 Nh6 11. Nbd2 Nf5 12. Qc3 Rd8 13. Rfd1 Qg4 14. Bg3 Nxg3 15. hxg3 0-0 16. b3 f6 17. Nf1 fxe5 18. Ne3 Qh5 19. Qxe5 Qxe5 20. Nxe5 Bf6 21. f4 Bxe5 22. fxe5 Rde8 23. Re1 Bc8 24. Nc2 Rf5 25. Rad1 Kf7 26. e6+ Bxe6 27. Nd4 Rf6 28. Nxe6 Rfxe6 29. Rxe6 Rxe6 30. Rd7+ Re7 31. Rd8 c5 32. Rd5 b6 33. Kf2 Ke6 34. Rh5 g6 35. Rh1 Rd7 36. Ke3 Ke5 37. Rh4 h5 38. Re4+ Kd6 39. Rf4 Re7+ 40. Kd3 Re6 41. g4 hxg4 42. Rxg4 Ke5 43. Rh4 Kf5 44. a3 a5 45. Rh7 Kf4 46. Rh3 g5 47. Rf3+ Kg4 48. Kd2 Re4 49. Rh3 a4 50. Kd3 Rd4+ 51. Kc3 axb3 52. Kxb3 Rd2 53. Rh7 Rxg2 54. Rxc7 Rg3+ 55. Kb2 Kf4 56. a4 Ke4 57. a5 bxa5 58. Rxc5 a4 59. Rc8 a3+ 60. Ka2 Rc3 61. c5 g4 62. c6 Kf3 63. c7 Kg3 64. Kb1 Rc6 65. Ka2 Rc3 66. Kb1 Rc6 67. Ka2 Rc3 1/2-1/2

[Event "Augsburg op-A (Women)"]
[Site "Augsburg"]
[Date "2025.03.05"]
[Round "1"]
[White "Georgescu, Lena"]
[Black "Kurapova, Olga"]
[Result "1-0"]
[WhiteElo "2230"]
[BlackElo "1992"]
[PlyCount "89"]
[EventDate "2025.03.05"]
[EventType "swiss"]
[EventRounds "9"]
[EventCountry "GER"]
[SourceTitle "CB11_2025"]
[SourceDate "2025.03.12"]
[SourceVersion "1"]
[SourceVersionDate "2025.03.12"]
[SourceQuality "1"]

1. e4 e5 2. Nf3 Nc6 3. Bb5 Nf6 4. d3 Bc5 5. Ba4 d6 6. c3 Bg4 7. h3 Bh5 8. 0-0 0-0 9. Nbd2 a6 10. Re1 Nd7 11. Nf1 f5 12. exf5 Rxf5 13. g4 Bxf2+ 14. Kxf2 Qh4+ 15. Kg2 Rxf3 16. Qxf3 Qxe1 17. Qe3 Qxe3 18. Bxe3 Bg6 19. Rd1 Nf6 20. Ng3 Nd5 21. Bc1 Rf8 22. Bb3 Bf7 23. Nf5 Nf4+ 24. Bxf4 Bxb3 25. axb3 exf4 26. d4 g6 27. Nh6+ Kg7 28. g5 Ne7 29. Re1 Nf5 30. Nxf5+ Rxf5 31. Re7+ Kg8 32. Rxc7 Rxg5+ 33. Kf3 Rb5 34. Kxf4 Rxb3 35. Kg5 Rxb2 36. Kf6 Rf2+ 37. Ke6 Rf3 38. Kxd6 Rxh3 39. c4 g5 40. Rxb7 g4 41. c5 Rh6+ 42. Kd7 Rf6 43. c6 Rf7+ 44. Ke6 Rf8 45. c7 1-0

[Event "Bodensee op"]
[Site "Bregenz"]
[Date "2024.05.09"]
[Round "6"]
[White "Kurapova, Olga"]
[Black "Rausch, Stephan"]
[Result "0-1"]
[WhiteElo "1960"]
[BlackElo "2254"]
[PlyCount "62"]
[EventDate "2024.05.04"]
[EventType "swiss"]
[EventRounds "9"]
[EventCountry "AUT"]
[SourceTitle "CBM 220 Extra"]
[Source "ChessBase"]
[SourceDate "2024.07.31"]
[SourceVersion "1"]
[SourceVersionDate "2024.07.31"]
[SourceQuality "1"]

1. e4 e6 2. d4 d5 3. Nd2 dxe4 4. Nxe4 Bd7 5. g3 Bc6 6. f3 Nd7 7. Bg2 Ngf6 8. c4 Bb4+ 9. Bd2 Qe7 10. a3 Bxd2+ 11. Qxd2 0-0 12. Ne2 Bxe4 13. fxe4 e5 14. d5 Qc5 15. Rc1 Ng4 16. Ng1 f5 17. b4 Qd4 18. Nh3 fxe4 19. Qxd4 exd4 20. Nf4 e3 21. Bh3 Nde5 22. Bxg4 Nxg4 23. Ne6 d3 24. Rc3 d2+ 25. Ke2 Rf2+ 26. Kd1 Rg2 27. Nf4 Nf2+ 28. Kc2 Rxh2 29. Rf1 Ng4 30. Rf3 Rh1 31. Rd3 Rc1+ 0-1

[Event "Bodensee op"]
[Site "Bregenz"]
[Date "2024.05.08"]
[Round "5"]
[White "Kurapova, Olga"]
[Black "Kanonier, Clemens"]
[Result "1-0"]
[WhiteElo "1960"]
[BlackElo "2107"]
[PlyCount "30"]
[EventDate "2024.05.04"]
[EventType "swiss"]
[EventRounds "9"]
[EventCountry "AUT"]
[SourceTitle "CBM 220 Extra"]
[Source "ChessBase"]
[SourceDate "2024.07.31"]
[SourceVersion "1"]
[SourceVersionDate "2024.07.31"]
[SourceQuality "1"]

1. e4 e5 2. Nf3 Nc6 3. Bb5 a6 4. Bxc6 dxc6 5. 0-0 Be7 6. Nxe5 Qd4 7. Nf3 Qxe4 8. Re1 Qg6 9. Ne5 Qf5 10. d4 h5 11. c4 Be6 12. Qa4 Kf8 13. d5 Bd6 14. dxe6 Bxe5 15. Qb4+ c5 1-0

[Event "AUT-chT (Women) 2324"]
[Site "Austria"]
[Date "2023.11.24"]
[Round "1.4"]
[White "Maslikova, Veronika"]
[Black "Kurapova, Olga"]
[Result "1-0"]
[WhiteElo "2210"]
[BlackElo "1964"]
[PlyCount "131"]
[EventDate "2023.11.24"]
[EventType "team-tourn"]
[EventRounds "9"]
[EventCountry "AUT"]
[SourceTitle "CBM 217 Extra"]
[Source "ChessBase"]
[SourceDate "2024.01.31"]
[SourceVersion "1"]
[SourceVersionDate "2024.01.31"]
[SourceQuality "1"]
[WhiteTeam "Pamhagen (W)"]
[BlackTeam "Dornbirn (W)"]
[WhiteTeamCountry "AUT"]
[BlackTeamCountry "AUT"]

1. e4 e5 2. Nf3 Nc6 3. Bb5 Nf6 4. d3 d6 5. h3 a6 6. Ba4 b5 7. Bb3 Be7 8. c3 Na5 9. Bc2 c5 10. 0-0 0-0 11. Re1 Qc7 12. d4 c4 13. Nbd2 Nc6 14. d5 Nb8 15. a4 Ra7 16. Nf1 Nbd7 17. g4 Nc5 18. axb5 axb5 19. Rxa7 Qxa7 20. Ng3 Ne8 21. Be3 g6 22. Kg2 Qc7 23. Qd2 Bf6 24. Ra1 Bg7 25. Rh1 Nxe4 26. Nxe4 f5 27. gxf5 gxf5 28. Neg5 f4 29. Nxh7 fxe3 30. fxe3 Rxf3 31. Kxf3 Qf7+ 32. Kg2 Qh5 33. Qf2 Bb7 34. Be4 Nc7 35. Qf3 Qh6 36. Rf1 Bxd5 37. Bxd5+ Kxh7 38. Qf5+ Qg6+ 39. Qxg6+ Kxg6 40. Be4+ Kh6 41. Rf7 Ne6 42. Rd7 Bf8 43. h4 Kh5 44. Kh3 Nc5 45. Rd8 Nxe4 46. Rxf8 Kg6 47. Rb8 Nf2+ 48. Kg2 Nd1 49. Rxb5 Nxe3+ 50. Kf3 Nf5 51. Ke4 Nxh4 52. Rb4 Nf5 53. Rxc4 Kf6 54. Rc7 Ke6 55. c4 Nd4 56. b4 Ne2 57. Ra7 Ng3+ 58. Kf3 Nf5 59. Ke4 Ng3+ 60. Kd3 Nh5 61. b5 Nf6 62. b6 d5 63. c5 Nd7 64. Rc7 d4 65. b7 Nb8 66. Rc8 1-0

[Event "AUT-chT2W 2223"]
[Site "Austria"]
[Date "2023.04.21"]
[Round "9.4"]
[White "Ljubic, Juro"]
[Black "Kurapova, Olga"]
[Result "1-0"]
[WhiteElo "2182"]
[BlackElo "1945"]
[PlyCount "122"]
[EventDate "2022.09.23"]
[EventType "team-tourn"]
[EventRounds "11"]
[EventCountry "AUT"]
[SourceTitle "EXT 2024"]
[Source "ChessBase"]
[SourceDate "2023.10.10"]
[SourceVersion "1"]
[SourceVersionDate "2023.10.10"]
[SourceQuality "1"]
[WhiteTeam "Schwarzach"]
[BlackTeam "Hohenems II"]
[WhiteTeamCountry "AUT"]
[BlackTeamCountry "AUT"]

1. e4 e5 2. Nc3 Nf6 3. Nf3 Nc6 4. d4 exd4 5. Nxd4 Bc5 6. Be3 Bb6 7. Nxc6 bxc6 8. Qf3 d5 9. Bxb6 axb6 10. Bd3 Ba6 11. Bxa6 Rxa6 12. Qe2 Ra5 13. exd5+ Qe7 14. Qxe7+ Kxe7 15. dxc6 Re5+ 16. Kf1 Kd6 17. Re1 Rhe8 18. Rxe5 Rxe5 19. f3 Kxc6 20. Kf2 Nd5 21. Nxd5 Rxd5 22. Re1 Kd6 23. Ke2 Ra5 24. a3 Rb5 25. b3 Ra5 26. a4 b5 27. Ra1 f5 28. Kd3 g5 29. c4 c6 30. cxb5 cxb5 31. Kc3 bxa4 32. Rxa4 Rc5+ 33. Rc4 Ra5 34. Kb2 Re5 35. Rc2 h5 36. b4 g4 37. fxg4 hxg4 38. g3 Re3 39. Kc1 Re4 40. Rd2+ Kc6 41. Rf2 Re5 42. Kd2 Kd6 43. Kc3 Kc6 44. Kd3 Kd6 45. Re2 Rb5 46. Kc4 Rb8 47. b5 Rc8+ 48. Kd4 Rc1 49. Rb2 Kc7 50. Ke5 Rf1 51. Rb4 Rf2 52. Rf4 Rxh2 53. Rxf5 Rb2 54. Kf4 Rb4+ 55. Kg5 Kd7 56. Rf4 Rxb5+ 57. Kxg4 Ke6 58. Kh4 Rf5 59. Rxf5 Kxf5 60. Kh5 Kf6 61. g4 Kf7 1-0

[Event "BL2 Sued 2223 (Women)"]
[Site "Germany"]
[Date "2022.11.12"]
[Round "3.4"]
[White "Kurapova, Olga"]
[Black "Ehmann, Johanna"]
[Result "0-1"]
[WhiteElo "1919"]
[BlackElo "1772"]
[PlyCount "98"]
[EventDate "2022.10.15"]
[EventType "team-tourn"]
[EventRounds "7"]
[EventCountry "GER"]
[SourceTitle "EXT 2025"]
[Source "ChessBase"]
[SourceDate "2024.10.14"]
[SourceVersion "1"]
[SourceVersionDate "2024.10.14"]
[SourceQuality "1"]
[WhiteTeam "Augsburg (W)"]
[BlackTeam "Freiburg Zaehringen (W)"]
[WhiteTeamCountry "GER"]
[BlackTeamCountry "GER"]

1. e4 b6 2. d4 Bb7 3. Nc3 e6 4. Nf3 Bb4 5. Bd3 Nf6 6. Qe2 d5 7. e5 Ne4 8. Bd2 Bxc3 9. bxc3 h6 10. 0-0 Nxd2 11. Nxd2 a5 12. f4 Nd7 13. f5 Nf8 14. Rf2 Qe7 15. Raf1 0-0-0 16. fxe6 fxe6 17. Rf7 Qa3 18. Rxg7 Qxc3 19. Nf3 Rd7 20. Rg3 Rf7 21. Ba6 Kb8 22. Bxb7 Kxb7 23. Qd2 Qc4 24. c3 h5 25. Rf2 h4 26. Rg4 h3 27. g3 Nh7 28. Ne1 Rxf2 29. Kxf2 Rf8+ 30. Rf4 Ng5 31. Ke3 Rxf4 32. Kxf4 Ne4 33. Qc2 Nxc3 34. Kg4 Qxd4+ 35. Kxh3 Qxe5 36. Nf3 Qe3 37. Kg2 e5 38. g4 e4 39. Ne5 Qd4 40. Nf7 e3 41. Qf5 Qd2+ 42. Kh3 e2 43. Nd8+ Ka6 44. Qc8+ Kb5 45. Qd7+ Kb4 46. Qxc7 Qe3+ 47. Kg2 e1N+ 48. Kh1 Qf3+ 49. Kg1 Qg2# 0-1

[Event "AUT-chT2W 2122"]
[Site "Austria"]
[Date "2022.06.05"]
[Round "8.2"]
[White "Wachinger, Guenther"]
[Black "Kurapova, Olga"]
[Result "1-0"]
[WhiteElo "2215"]
[BlackElo "1870"]
[PlyCount "73"]
[EventDate "2021.10.15"]
[EventType "team-tourn"]
[EventRounds "11"]
[EventCountry "AUT"]
[SourceTitle "EXT 2023"]
[Source "ChessBase"]
[SourceDate "2022.10.05"]
[SourceVersion "1"]
[SourceVersionDate "2022.10.05"]
[SourceQuality "1"]
[WhiteTeam "Schach ohne Grenzen"]
[BlackTeam "Hohenems II"]
[WhiteTeamCountry "AUT"]
[BlackTeamCountry "AUT"]

1. d4 d5 2. c4 dxc4 3. Nf3 Nf6 4. e3 e6 5. Bxc4 c5 6. 0-0 a6 7. Qe2 b5 8. Bd3 cxd4 9. Rd1 Be7 10. a4 b4 11. exd4 Bb7 12. Nbd2 0-0 13. Nc4 Nbd7 14. a5 Nd5 15. Bd2 N7f6 16. Nce5 Nh5 17. g3 g6 18. Bh6 Ng7 19. Bc2 Rc8 20. Ba4 Nf6 21. Bb3 Qd6 22. Bf4 Ngh5 23. Nxg6 Nxf4 24. Nxf4 Rfd8 25. Ne5 Bf8 26. Nh5 Qe7 27. Rd2 Rd6 28. Nc4 Rdc6 29. Ne3 Rd8 30. Rad1 Bh6 31. Nf5 Qf8 32. Nxf6+ Kh8 33. Nxh6 Qxh6 34. Ng4 Qh3 35. d5 exd5 36. Qe5+ Kg8 37. Qg5+ 1-0

[Event "SUI-ch (Women)"]
[Site "Flims"]
[Date "2021.07.08"]
[Round "1"]
[White "Georgescu, Lena"]
[Black "Kurapova, Olga"]
[Result "1-0"]
[WhiteElo "2257"]
[BlackElo "1927"]
[PlyCount "39"]
[EventDate "2021.07.08"]
[EventType "tourn"]
[EventRounds "9"]
[EventCountry "SUI"]
[SourceTitle "EXT 2022"]
[Source "ChessBase"]
[SourceDate "2021.10.06"]
[SourceVersion "1"]
[SourceVersionDate "2021.10.06"]
[SourceQuality "1"]

1. e4 e5 2. Nf3 Nc6 3. Bb5 Nf6 4. 0-0 Nxe4 5. Re1 Nd6 6. a4 Be7 7. Nc3 0-0 8. d4 Nxb5 9. axb5 Nxd4 10. Nxd4 exd4 11. Nd5 Re8 12. Qe2 d6 13. Bg5 f6 14. Bf4 Kf8 15. Qc4 c5 16. bxc6 bxc6 17. Qxc6 Bd7 18. Qc4 Rc8 19. Qxd4 Bc6 20. Nxe7 1-0

[Event "EU-Cup Online Gr-C (Women)"]
[Site "Tornelo INT"]
[Date "2020.12.20"]
[Round "4.1"]
[White "Kurapova, Olga"]
[Black "Drevensek, Doroteja"]
[Result "1/2-1/2"]
[WhiteElo "1927"]
[BlackElo "1385"]
[PlyCount "107"]
[EventDate "2020.12.19"]
[EventType "team-tourn (rapid)"]
[EventRounds "7"]
[EventCountry "ISS"]
[SourceTitle "CBM 199 Extra"]
[Source "ChessBase"]
[SourceDate "2021.01.31"]
[SourceVersion "1"]
[SourceVersionDate "2021.01.31"]
[SourceQuality "1"]
[WhiteTeam "Gonzen (W)"]
[BlackTeam "Maribor (W)"]
[WhiteTeamCountry "SUI"]
[BlackTeamCountry "SLO"]

1. e4 d6 2. d4 Nf6 3. Nc3 Nbd7 4. g4 g6 5. g5 Nh5 6. Be2 e5 7. dxe5 Nxe5 8. Bxh5 gxh5 9. f4 Nc6 10. Qxh5 Qe7 11. Nge2 Bd7 12. Bd2 0-0-0 13. 0-0-0 Bg7 14. Qf3 h6 15. h4 f5 16. Ng3 Nd4 17. Qe3 hxg5 18. hxg5 fxe4 19. Qxe4 Qxe4 20. Ncxe4 Bc6 21. Rxh8 Rxh8 22. Bc3 Bxe4 23. Nxe4 Ne2+ 24. Kb1 Bxc3 25. Nxc3 Nxf4 26. Rg1 Ng6 27. Ne4 Kd7 28. Kc1 Ke6 29. Kd2 Rf8 30. Ke3 Ke5 31. Nc3 a6 32. Ne4 Rh8 33. Nd2 Rh3+ 34. Nf3+ Kf5 35. Kf2 Rh8 36. Re1 Rf8 37. Kg3 Rg8 38. Rf1 Ke6 39. Kg4 Ne5+ 40. Nxe5 dxe5 41. Kh5 e4 42. g6 e3 43. Kh6 e2 44. Re1 Kf6 45. g7 Rxg7 46. Rxe2 Rg3 47. Rf2+ Ke6 48. Kh5 Kd6 49. Kh4 Rg7 50. Rd2+ Kc6 51. Kh5 b6 52. Kh6 Rg1 53. Kh5 Kb7 54. Kh4 1/2-1/2

[Event "AUT-chT (Women) 1819"]
[Site "Austria"]
[Date "2019.01.19"]
[Round "4.5"]
[White "Landl, Margot"]
[Black "Kurapova, Olga"]
[Result "1/2-1/2"]
[WhiteElo "1930"]
[BlackElo "1928"]
[PlyCount "59"]
[EventDate "2018.11.17"]
[EventType "team-swiss"]
[EventRounds "7"]
[EventCountry "AUT"]
[SourceTitle "CBM 189 Extra"]
[Source "ChessBase"]
[SourceDate "2019.05.31"]
[SourceVersion "1"]
[SourceVersionDate "2019.05.31"]
[SourceQuality "1"]
[WhiteTeam "Lienz (W)"]
[BlackTeam "Dornbirn (W)"]
[WhiteTeamCountry "AUT"]
[BlackTeamCountry "AUT"]

1. e4 c5 2. Nf3 Nc6 3. d4 cxd4 4. Nxd4 d6 5. Nc3 a6 6. Be3 Nf6 7. Be2 g6 8. 0-0 Bg7 9. a4 e5 10. Nb3 Be6 11. Qd2 Ng4 12. Bxg4 Bxg4 13. Nd5 f5 14. Bg5 Qb8 15. f3 Bh5 16. Nb6 Qa7 17. Be3 f4 18. Bf2 Rd8 19. g4 fxg3 20. hxg3 Bxf3 21. Qd5 Bg4 22. Bc5 Rf8 23. Rxf8+ Bxf8 24. Rf1 Bf5 25. Nd7 dxc5 26. Nf6+ Ke7 27. Ng8+ Ke8 28. Nf6+ Ke7 29. Ng8+ Ke8 30. Nf6+ 1/2-1/2

[Event "AUT-chT (Women) 1819"]
[Site "Austria"]
[Date "2018.11.18"]
[Round "2.1"]
[White "Kurapova, Olga"]
[Black "Trippold, Denise"]
[Result "0-1"]
[WhiteElo "1928"]
[BlackElo "2212"]
[PlyCount "58"]
[EventDate "2018.11.17"]
[EventType "team-swiss"]
[EventRounds "7"]
[EventCountry "AUT"]
[SourceTitle "CBM 187 Extra"]
[Source "ChessBase"]
[SourceDate "2018.11.04"]
[SourceVersion "1"]
[SourceVersionDate "2018.11.04"]
[SourceQuality "1"]
[WhiteTeam "Dornbirn (W)"]
[BlackTeam "Baden (W)"]
[WhiteTeamCountry "AUT"]
[BlackTeamCountry "AUT"]

1. d4 Nf6 2. c4 e6 3. Nc3 Bb4 4. a4 Bxc3+ 5. bxc3 c5 6. f3 b6 7. Bg5 Nc6 8. e4 h6 9. Bh4 Ba6 10. Nh3 Qc8 11. e5 Ng8 12. Rc1 Nge7 13. f4 Na5 14. d5 Nf5 15. Bf2 Nxc4 16. dxe6 dxe6 17. g4 Ne7 18. Bg2 Nb2 19. Qd6 Nd3+ 20. Kd2 Nxc1 21. Rxc1 Bb7 22. Bh4 g5 23. Nxg5 hxg5 24. Bxg5 Ng8 25. Bf1 Rxh2+ 26. Ke1 Qc6 27. Qxc6+ Bxc6 28. Rd1 Ne7 29. Rd6 Bxa4 0-1

[Event "AUT-chT (Women) 1718"]
[Site "Austria"]
[Date "2018.01.19"]
[Round "4.3"]
[White "Newrkla, Katharina"]
[Black "Kurapova, Olga"]
[Result "1-0"]
[WhiteElo "2176"]
[BlackElo "1919"]
[PlyCount "43"]
[EventDate "2017.11.24"]
[EventType "team-tourn"]
[EventRounds "9"]
[EventCountry "AUT"]
[SourceTitle "EXT 2019"]
[Source "ChessBase"]
[SourceDate "2018.10.10"]
[SourceVersion "1"]
[SourceVersionDate "2018.10.10"]
[SourceQuality "1"]
[WhiteTeam "Wulkaprodersdorf (W)"]
[BlackTeam "Dornbirn (W)"]
[WhiteTeamCountry "AUT"]
[BlackTeamCountry "AUT"]

1. e4 e5 2. Nf3 Nf6 3. Nxe5 d6 4. Nf3 Nxe4 5. c4 d5 6. Nc3 Nxc3 7. dxc3 Be6 8. Qb3 Nd7 9. cxd5 Nc5 10. Qb5+ c6 11. dxc6 a6 12. c7+ Qd7 13. Qxd7+ Kxd7 14. Bf4 Ne4 15. Bc4 Bd6 16. Bxd6 Nxd6 17. Bxe6+ Kxe6 18. 0-0-0 Kd7 19. Ne5+ Kxc7 20. Rxd6 f6 21. Rd7+ Kc8 22. Rxg7 1-0

[Event "AUT-chT (Women) 1617"]
[Site "Austria"]
[Date "2017.03.25"]
[Round "4.3"]
[White "Kurapova, Olga"]
[Black "Konecny, Sophie"]
[Result "1/2-1/2"]
[WhiteElo "1937"]
[BlackElo "1804"]
[PlyCount "81"]
[EventDate "2017.01.14"]
[EventType "team-tourn"]
[EventRounds "11"]
[EventCountry "AUT"]
[SourceTitle "EXT 2018"]
[Source "ChessBase"]
[SourceDate "2017.10.13"]
[SourceVersion "1"]
[SourceVersionDate "2017.10.13"]
[SourceQuality "1"]
[WhiteTeam "Dornbirn (W)"]
[BlackTeam "Mayrhofen/Zillertal (W)"]
[WhiteTeamCountry "AUT"]
[BlackTeamCountry "AUT"]

1. d4 Nf6 2. c4 e6 3. Nc3 Bb4 4. Qc2 d5 5. a3 Bxc3+ 6. Qxc3 Ne4 7. Qc2 c5 8. dxc5 Nc6 9. e3 Qa5+ 10. Bd2 Qxc5 11. Rc1 Nxd2 12. b4 Qe7 13. Qxd2 dxc4 14. Bxc4 Qg5 15. f4 Qh4+ 16. g3 Qf6 17. Nf3 0-0 18. b5 Rd8 19. Qe2 Na5 20. Ba2 Bd7 21. Ne5 Be8 22. 0-0 Rac8 23. a4 Qe7 24. Qe1 b6 25. Rc3 f6 26. Nf3 Bf7 27. Qc1 Qd7 28. Nd4 Rxc3 29. Qxc3 Rc8 30. Qb4 Rc5 31. Qb1 Nc4 32. Re1 Na5 33. Qe4 e5 34. Bxf7+ Kxf7 35. Nf3 exf4 36. exf4 g6 37. Qb1 Qd5 38. Qe4 Qd7 39. Qb1 Qd5 40. Qe4 Qd7 41. Qb1 1/2-1/2